Statistics for All MCU Main Villains

Click here to take the quiz!

General Stats

  • This quiz has been taken 69 times
    (65 since last reset)
  • The average score is 43 of 85

Answer Stats

MovieVillain% Correct
Marvel’s The AvengersLoki
96%
ThorLoki
96%
Avengers: Infinity WarThanos
96%
Avengers: EndgameThanos
96%
What If…?Infinity Ultron
94%
Avengers: Age of UltronUltron
94%
Black PantherErik Killmonger
90%
Captain America: The Winter SoldierWinter Soldier
90%
Thor: RagnarokHela
88%
Captain America: The First AvengerRed Skull
88%
Spider-Man: Far From HomeMysterio
84%
Spider-Man: HomecomingVulture
84%
Iron Man 2Whiplash
84%
The Incredible HulkAbomination
82%
Spider-Man: No Way HomeSandman
82%
Doctor Strange in the Multiverse of MadnessScarlet Witch
82%
Doctor StrangeDormammu
80%
Guardians of the Galaxy Vol 2Ego
80%
Spider-Man: No Way HomeElectro
80%
Spider-Man: No Way HomeDoctor Octopus
78%
Spider-Man: No Way HomeGreen Goblin
78%
Iron ManIron Monger
78%
Spider-Man: No Way HomeLizard
78%
Guardians of the GalaxyRonan the Accuser
78%
Ant-ManYellowjacket
78%
Captain America: Civil WarHelmut Zemo
76%
Daredevil (Season 3)Kingpin
76%
Daredevil (Season 1)Kingpin
76%
EchoKingpin
76%
HawkeyeKingpin
73%
Thor: The Dark WorldMalekith
73%
Shang-Chi and the Legend of the Ten RingsXu Wenwu
73%
LokiHe Who Remains
71%
Ant-Man and the Wasp: QuantumaniaKang the Conqueror
71%
Venom: Let There be CarnageCarnage
69%
Ant-Man and the WaspGhost
69%
Thor: Love and ThunderGorr
69%
Iron Man 2Justin Hammer
65%
Black WidowTaskmaster
65%
Thor: RagnarokGrandmaster
59%
Iron Man 3Aldrich Killian
57%
WandaVisionAgatha Harkness
53%
Guardians of the Galaxy Vol 3High Evolutionary
53%
EternalsIkaris
53%
Doctor StrangeKaecilius
53%
Captain America: The Winter SoldierAlexander Pierce
51%
Captain MarvelYon-Rogg
47%
EternalsKro
45%
Daredevil (Season 3)Bullseye
43%
VenomRiot
41%
Captain MarvelSupreme Intelligence
41%
Black WidowDreykov
39%
EternalsArishem
33%
Moon KnightArthur Harrow
33%
Daredevil (Season 2)Elektra Natchios
29%
Agents of SHIELD (Season 3)Hive
29%
Ant-Man and the WaspSonny Burch
29%
Punisher (Season 1)Jigsaw
27%
The Falcon and the Winter SoldierKarli Morgenthau
24%
Secret InvasionGravik
22%
Jessica Jones (Season 1)Kilgrave
22%
WandaVisionTyler Hayward
22%
Luke Cage (Season 2)Bushmaster
20%
Shang-Chi and the Legend of the Ten RingsDweller-in-Darkness
20%
MorbiusMilo Morbius
20%
Luke Cage (Season 1)Diamondback
18%
Iron Fist (Season 1)Steel Serpent
18%
Werewolf by NightVerussa Bloodstone
18%
Luke Cage (Season 2)Black Mariah
16%
The MarvelsDar-Benn
16%
She-Hulk: Attorney at LawHulkKing
14%
Ms MarvelNajma
14%
Agents of SHIELD (Season 4)AIDA
10%
Jessica Jones (Season 2)Hellcat
10%
Agents of SHIELD (Season 2)Jiaying
10%
Punisher (Season 2)John Pilgrim
10%
Iron Fist (Season 2)Typhoid Mary
10%
Madame WebEzekiel "Zeke" Sims
8%
Agents of SHIELD (Season 1)John Garrett
6%
Ms MarvelSadie Deever
6%
Agents of SHIELD (Season 4)Anton Ivanov
4%
Agents of SHIELD (Season 5)Kasius
2%
Agents of SHIELD (Season 6)Sarge
2%
The DefendersAlexandra Reid
0%
Agents of SHIELD (Season 7)Sibyl
0%

Score Distribution

Percentile by Number Answered

Percent of People with Each Score

Your Score History

You have not taken this quiz since the last reset